000 00458nam a2200181Ia 4500
005 20250423100413.0
008 250422s9999 xx 000 0 und d
020 _a0- 13- 887407- 7
050 _aQA 76.76.O63 .S734/
100 _aWilliam Stallings
245 0 _aOperating systems: internals and design principles
250 _a3rd ed.
260 _bPrentice- Hall
260 _c1998
300 _a781 p
650 _aOperating Systems
942 _cBK
999 _c33200
_d33200